000 00423nam a2200169Ia 4500
001 20737
005 20260306172827.0
008 260306t9999||||xx |||||||||||||| ||spa||
041 _aESP
082 _a343.8
_bA47
100 _aAlva Matteucci, Mario
_eAUT
245 0 _aImpuesto sobre servicios digitales, juegos y apuestas a distancia
300 _a
_c
650 _aGEN
654 _aCCO
942 _cLIB
_dJUS
_fJUS
_2ddc
_n
999 _c20737
_d20737